| 000 | 00984nam a22002417a 4500 | ||
|---|---|---|---|
| 003 | OSt | ||
| 005 | 20260319192734.0 | ||
| 008 | 240828b ||||| |||| 00| 0 eng d | ||
| 040 | _c0 | ||
| 082 | _aDPer 647.94068 In821 2022 v. 23 n. 1-4 | ||
| 100 |
_aJoseph, Ansted Iype. _eauthor. _959320 |
||
| 245 |
_aDevelopment of a typology of tourists based on pre-trip use of social media / _cAnsted Iype Joseph, Sangeeta Peter, and Victor Anandkumar. |
||
| 260 |
_aUnited Kingdom ; _bTaylor & Francis Group, LLC , _c2022. |
||
| 300 |
_aVolume 23, pages 650-678 : _billustration ; _c26 cm. |
||
| 500 | _aInternational Journal of Hospitality & Tourism Administration, vol. 23, no. 4, pages 650-678, 2022. | ||
| 650 | 0 |
_aTravel planning. _967749 |
|
| 650 | 0 |
_aSocial media. _927889 |
|
| 651 | 0 |
_aTourist typology. _967751 |
|
| 700 |
_aJoseph, Ansted Iype. _eauthor. _959320 |
||
| 700 |
_aPeter, Sangeeta. _eauthor. _959321 |
||
| 700 |
_aAnandkumar, Victor. _eauthor. _959322 |
||
| 942 |
_2ddc _cPER |
||
| 999 |
_c21015 _d21015 |
||